00491 2200193 4500001002100000005001700021008004100038035002500079040001200104082001000116084001900126100001400145245006100159260001200220300002000232650002100252850001200273990001200285INLIS00000000001163920150902102010.0  a0010-091500000000152 aYOPDYOG a784.4 aRT 784.4 Zai L aZainuddin aLagu-lagu dari Indonesia : Songs of IndonesiacZainuddin aJakarta a54 hlm.b23 cm. aLagu lagu daerah aYOPDYOG a14407-P